000 01438nam a2200325 i 4500
001 186192
003 SpMaBN
005 20250903014141.0
008 160916s2012 sp ad |||| | spa d
020 _a978-84-9940-466-0
080 _a124.1
080 _a53:1
080 _a510.21
245 0 0 _aViaje a la complejidad /
_cNicolás Caparrós y Rafael Cruz Roche (dirs.).
260 _aMadrid :
_bBiblioteca Nueva,
_c[2012]
300 _a2 v. (419 p., 452 p.) :
_bil., gráf. ;
_c24 cm.
504 _aBibliografía: p. [403]-419, p. [429]-452.
505 8 _aContiene:1 ;
_tDel Big Bang al origen de la vida : nivel de integración físico /
_rCarmen Acedo y Antonio López (coords.) - 2. --
_tDel origen de la vida a la emergencia del psiquismo : nivel de integración biológico /
_rIsabel Sanfeliu y Marta Sainz de la Maza (coords.)
650 0 7 _aComplejidad (Filosofía)
_911179
650 0 7 _aFísica-
_xFilosofía.
_912881
650 0 4 _aMatemáticas-
_xFilosofía
_914825
700 1 _aCaparrós Sánchez, Nicolás.
_9160880
700 1 _aCruz Roche, Rafael.
_941844
700 1 _aSanfeliu, Isabel.
_9160846
852 _aES-MaACL
_jA-13935
_9193246
_bR.151198
_cDEPO1
_dOlim: N-6935
_hDonación: Isabel Sanfeliu
_pv.1
852 _aES-MaACL
_jA-13936
_9200905
_bR.151198
_cDEPO1
_dOlim: N-6936
_hDonación: Isabel Sanfeliu
_pv.2
903 _9160846
_aSanfeliu, Isabel
_ednr
942 _2udc
_cMONOGRAFIA
999 _c186192
_d186192